NFL One Game Wonders - Statistics

General Stats
  • This quiz has been taken 8 times
  • The average score is 5 of 15
Answer Stats
Team Game Position Stats Player % Correct
New York Giants Super Bowl XLII WR 3 rec, 43 yards, 1 TDone super famous fluky catch David Tyree
100%
New England Patriots Week 11, 2014 RB 37 carries, 201 yards, 4 rush TDs Jonas Gray
50%
New York Jets Week 8, 2021 QB 37-45,405 yards, 3 TDs 2 INTs5 rushes, -1 rush yards 1 rec 2PT Mike White
50%
Philadelphia Eagles Week 9, 2013 QB 22-28, 406 yards, 7 TDs4 rushes, 10 rushing yards Nick Foles
50%
Philadelphia Eagles Super Bowl LII QB 28-43,373 yards, 3 TDs, 1 INT 1 rec, 1 rec yard, 1 rec TD Nick Foles
50%
Dallas Cowboys Week 13, 2022 CB 8 tackles, 2 PD, 2 INT Daron Bland
33%
Cleveland Browns Week 15, 2009 RB 34 carries, 286 yards, 3 rush TDs 2 rec, 12 rec yards Jerome Harrison
33%
Atlanta Falcons Week 9, 2020 WR 4 rec, 103 yards, 1 TD Olamide Zaccheaus
33%
Denver Broncos Super Bowl XXIII RB 22 carries, 204 yards, 2 rush TDs 1 rec, 9 rec yards Timmy Smith
33%
Green Bay Packers Week 17, 2011 QB 31-44,480 yards, 6 TDs, 1 INT2 rushes, 0 rushing yards Matt Flynn
17%
Tennessee Titans Week 7, 2007 K 8-8 FGs 2-2 XPs, 1 game winner Rob Bironas
17%
Seattle Seahawks Super Bowl XLIX WR 4 rec, 109 yards, 1 TD Chris Matthews
0%
Green Bay Packers 2015 NFC Divisional WR 7 rec, 145 yards, 2 TDs Jeff Janis
0%
Denver Broncos Week 1, 2004 RB 23 carries, 156 yards, 2 rush TDs1 rec, 1 rec yard, 1 rec TD Quentin Griffin
0%
Kansas City Chiefs Week 3, 2000 WR 6 rec, 112 yards, 3 rec TDs Sylvester Morris
0%
No matching quizzes found
Score Distribution
Percent of People with Each Score
Percentile by Number Answered
Your Score History
You have not taken this quiz